<?xml version="1.0" encoding="UTF-8"?>
<record
    xmlns:xsi="http://www.w3.org/2001/XMLSchema-instance"
    xsi:schemaLocation="http://www.loc.gov/MARC21/slim http://www.loc.gov/standards/marcxml/schema/MARC21slim.xsd"
    xmlns="http://www.loc.gov/MARC21/slim">

  <leader>00492nam a2200181Ia 4500</leader>
  <controlfield tag="003">OSt</controlfield>
  <controlfield tag="005">20240829142154.0</controlfield>
  <controlfield tag="008">230519s9999    xx            000 0 und d</controlfield>
  <datafield tag="020" ind1=" " ind2=" ">
    <subfield code="a">978-81-847276-4-4</subfield>
  </datafield>
  <datafield tag="041" ind1=" " ind2=" ">
    <subfield code="a">eng</subfield>
  </datafield>
  <datafield tag="082" ind1=" " ind2=" ">
    <subfield code="a">SO/301/KAU/DB1064</subfield>
  </datafield>
  <datafield tag="100" ind1=" " ind2=" ">
    <subfield code="a">Kaur Varinder</subfield>
    <subfield code="9">180186</subfield>
  </datafield>
  <datafield tag="245" ind1=" " ind2=" ">
    <subfield code="a">Textbook of Applied Sociology for BSc Nursing Students</subfield>
  </datafield>
  <datafield tag="260" ind1=" " ind2=" ">
    <subfield code="b">Vision Health Sciences Publishers</subfield>
    <subfield code="a">Punjab</subfield>
    <subfield code="c">2022</subfield>
  </datafield>
  <datafield tag="300" ind1=" " ind2=" ">
    <subfield code="a">248p</subfield>
  </datafield>
  <datafield tag="942" ind1=" " ind2=" ">
    <subfield code="2">ddc</subfield>
    <subfield code="c">DB</subfield>
  </datafield>
  <datafield tag="999" ind1=" " ind2=" ">
    <subfield code="c">159634</subfield>
    <subfield code="d">159634</subfield>
  </datafield>
  <datafield tag="952" ind1=" " ind2=" ">
    <subfield code="0">0</subfield>
    <subfield code="1">0</subfield>
    <subfield code="4">0</subfield>
    <subfield code="7">0</subfield>
    <subfield code="8">SO</subfield>
    <subfield code="a">BTIN</subfield>
    <subfield code="b">BTIN</subfield>
    <subfield code="d">2022-11-30</subfield>
    <subfield code="g">449.00</subfield>
    <subfield code="i">59</subfield>
    <subfield code="l">2</subfield>
    <subfield code="o">SO 301 KAU DB1064</subfield>
    <subfield code="p">BTIN-DB-1064</subfield>
    <subfield code="r">2025-09-29 13:36:50</subfield>
    <subfield code="s">2025-09-09</subfield>
    <subfield code="w">2022-11-25</subfield>
    <subfield code="y">DB</subfield>
    <subfield code="z">DB1064</subfield>
  </datafield>
  <datafield tag="952" ind1=" " ind2=" ">
    <subfield code="0">0</subfield>
    <subfield code="1">0</subfield>
    <subfield code="2">ddc</subfield>
    <subfield code="4">0</subfield>
    <subfield code="7">0</subfield>
    <subfield code="a">BTIN</subfield>
    <subfield code="b">BTIN</subfield>
    <subfield code="d">2024-08-08</subfield>
    <subfield code="g">495.00</subfield>
    <subfield code="i">IK#2024-25#129</subfield>
    <subfield code="l">5</subfield>
    <subfield code="o">SO 301 KAU DB1286</subfield>
    <subfield code="p">BTIN-DB-1286</subfield>
    <subfield code="r">2026-03-20 13:57:01</subfield>
    <subfield code="s">2026-03-11</subfield>
    <subfield code="w">2024-08-08</subfield>
    <subfield code="y">DB</subfield>
    <subfield code="z">DB1286</subfield>
  </datafield>
</record>
